000 00522nam a22001817a 4500
003 URS
005 20250424221037.0
008 250129b |||||||| |||| 00| 0 eng d
020 _a97811032217499
040 _cURS
050 _aFR P 129 .B413 2023
100 _4author
_aBell, Douglas E.
245 _aStudying for a Masters in TESOL or Applied Linguistics / Douglas E. Bell.
260 _aNY, New York ; Routledge, 2023
300 _axi, 274 p; 25 cm
504 _aIncludes Appendices and Index.
942 _2lcc
_cFR
999 _c81920
_d81919